000 00385nam a2200133Ia 4500
008 260210s9999 xx 000 0 und d
024 _a03B-003-BS
082 _a005.133072 SYE
100 _aSyed Asad Ullah Taimoor
245 0 _aStock Market Information Exchange via SMS
260 _aKarachi:
_bUITU,
_c2003
600 _aComputer Science
650 _aBachelor of Computer Science (BS)
999 _c31942
_d31942